| 000 | 00668nam a22002417a 4500 | ||
|---|---|---|---|
| 003 | UA-OsUOA | ||
| 001 | 83981 | ||
| 007 | ta | ||
| 008 | 20120514b un ||||| |||| 00| 0 ukr d | ||
| 100 | _aХоданич П. | ||
| 090 |
_a821.161.2 _bХ69 |
||
| 942 | _cBK | ||
| 040 |
_aUA-OsUOA _bukr _cUA-OsUOA _dUA-OsUOA |
||
| 245 |
_aКосіння трави _bповість-есе, оповідання |
||
| 300 | _a259 с. | ||
| 955 | _a3 | ||
| 041 | _aukr | ||
| 080 | _a821.161.2 | ||
| 020 | _a978-966-8904-49-3 | ||
| 260 |
_aУжгород _bТімпані _c2011 |
||
| 650 | 7 |
_a82 Література. Літературознавство _2UDC |
|
| 999 |
_c370292 _d370292 |
||